Emperor Penguin's New Clothes (The) / (Record no. 104553)
[ view plain ]
| 000 -LEADER | |
|---|---|
| fixed length control field | 00721nam a2200181 a 4500 |
| 005 - DATE AND TIME OF LATEST TRANSACTION | |
| control field | 20140412111325.0 |
| 008 - FIXED-LENGTH DATA ELEMENTS--GENERAL INFORMATION | |
| fixed length control field | 000822s19uu xx 00 eng d |
| 020 ## - INTERNATIONAL STANDARD BOOK NUMBER | |
| International Standard Book Number | 0-590-21174-9 |
| 050 ## - LIBRARY OF CONGRESS CALL NUMBER | |
| Classification number | TR(PS E |
| Item number | Em7 1994 |
| 100 ## - MAIN ENTRY--PERSONAL NAME | |
| Personal name | Perlman, Janet |
| 245 ## - TITLE STATEMENT | |
| Title | Emperor Penguin's New Clothes (The) / |
| Statement of responsibility, etc | Janet Perlman. |
| 260 ## - PUBLICATION, DISTRIBUTION, ETC. (IMPRINT) | |
| Place of publication, distribution, etc | New York : |
| Name of publisher, distributor, etc | Scholatic Inc, |
| Date of publication, distribution, etc | 1994. |
| 300 ## - PHYSICAL DESCRIPTION | |
| Extent | 1 v. (unp.) ; ill. |
| 520 ## - SUMMARY, ETC. | |
| Summary, etc | What's black and white and proud as a peacock? The Emperor Penguin, the best dressed bird in the land! But pride won't save the Emperor from a pair of clever scoundrels, as they reveal the naked truth about the foolis ruler. |
| 650 ## - SUBJECT ADDED ENTRY--TOPICAL TERM | |
| Topical term or geographic name as entry element | Pride--Fiction |
| 650 ## - SUBJECT ADDED ENTRY--TOPICAL TERM | |
| Topical term or geographic name as entry element | Foolishness--Fiction |
| Withdrawn status | Lost status | Damaged status | Use restrictions | Home library | Current library | Shelving location | Date acquired | Source of acquisition | Cost, normal purchase price | Total Checkouts | Full call number | Barcode | Date last seen | Price effective from | Koha item type |
|---|---|---|---|---|---|---|---|---|---|---|---|---|---|---|---|
| Elizalde Library | Elizalde Library | Teachers Reference Section | 08/22/2000 | 145.00 | TR(PS E Em7 1994 | E8225 | 04/12/2014 | 04/12/2014 | Books |